[Event "Nordic School-chT U20"]
[Site "Lund"]
[Date "2007.09.07"]
[Round "1.4"]
[White "Gjoreska, Nada"]
[Black "Ruthberg, Andreas"]
[Result "1/2-1/2"]
[WhiteElo "1674"]
[BlackElo "1616"]
[PlyCount "131"]
[EventDate "2007.09.??"]
[EventType "team-tourn"]
[EventRounds "5"]
[EventCountry "SWE"]
[SourceTitle "EXT 2010"]
[Source "ChessBase"]
[SourceDate "2010.11.25"]
[SourceVersion "1"]
[SourceVersionDate "2010.11.25"]
[SourceQuality "1"]

1. e4 e6 2. d4 d5 3. e5 c5 4. Be3 cxd4 5. Bb5+ Bd7 6. Bxd7+ Qxd7 7. Bxd4 Nc6 8. Nf3 Nh6 9. 0-0 Nf5 10. Nc3 Nfxd4 11. Nxd4 Bc5 12. Nxc6 Qxc6 13. Qd3 a6 14. a3 0-0 15. b4 Be7 16. f4 Rac8 17. Rf3 f5 18. Rh3 Qc4 19. Qf3 g6 20. Rd1 h5 21. Rd3 Qc6 22. Qe2 h4 23. g3 d4 24. Nd1 Qxc2 25. Qxc2 Rxc2 26. gxh4 Kg7 27. h5 gxh5 28. Rxh5 Rg8 29. Rxd4 Kf7+ 30. Kf1 Kg6 31. Rh3 Rd8 32. Rxd8 Bxd8 33. Rd3 Bc7 34. Rd7 Rc4 35. Kg2 Rc2+ 36. Kf3 Rc6 37. Re7 b5 38. Re8 Bb6 39. h4 Kf7 40. Rh8 Kg7 41. Rh5 Bd8 42. Ke3 Rc1 43. Kd2 Ra1 44. Ne3 Rxa3 45. Nxf5+ exf5 46. Rxf5 Bxh4 47. e6 Rb3 48. Rf7+ Kg8 49. f5 Rxb4 50. f6 Rd4+ 51. Ke3 Bxf6 52. Rxf6 Rd8 53. Ke4 b4 54. Ke5 b3 55. Rf2 a5 56. e7 Rb8 57. Ke6 Rb6+ 58. Kd5 Rb8 59. Rb2 Kf7 60. Kd6 Rb6+ 61. Kd7 Rb7+ 62. Kd8 Rb8+ 63. Kc7 Re8 64. Rxb3 Rxe7+ 65. Kb6 Re5 66. Ra3 1/2-1/2